[Event "Mumbai Wealth op 5th"]
[Site "Mumbai"]
[Date "2019.12.31"]
[Round "2"]
[White "Sahoo, Utkal Ranjan"]
[Black "Sarbojit, Paul"]
[Result "1-0"]
[WhiteElo "2329"]
[BlackElo "2084"]
[PlyCount "79"]
[EventDate "2019.12.30"]
[EventType "swiss"]
[EventRounds "9"]
[EventCountry "IND"]
[SourceTitle "CBM 194 Extra"]
[Source "ChessBase"]
[SourceDate "2020.03.31"]
[SourceVersion "1"]
[SourceVersionDate "2020.03.31"]
[SourceQuality "1"]

1. d4 d5 2. c4 dxc4 3. e3 e5 4. Bxc4 exd4 5. Qb3 Qe7 6. Nf3 Qb4+ 7. Ke2 Qxb3 8. axb3 Nc6 9. exd4 Bg4 10. Be3 Be7 11. Nc3 a6 12. h3 Bxf3+ 13. Kxf3 Rd8 14. Rad1 Nf6 15. g4 0-0 16. h4 Rd7 17. g5 Nh5 18. Kg2 Bd6 19. Ne4 Rfd8 20. d5 Ne7 21. Kf3 Nf5 22. Nxd6 Rxd6 23. Bc5 R6d7 24. Kg4 g6 25. Rhe1 Nhg7 26. Re5 h5+ 27. Kh3 c6 28. Bb6 Rb8 29. b4 Nd6 30. Bb3 Nc8 31. Be3 Ne7 32. dxc6 Nxc6 33. Rxd7 Nxe5 34. Re7 Re8 35. Rxb7 Ne6 36. Bxe6 Rxe6 37. Rb8+ Kh7 38. Bd4 f6 39. gxf6 Nf7 40. Rf8 1-0

[Event "Commonwealth-ch U20"]
[Site "New Delhi"]
[Date "2019.07.05"]
[Round "5.2"]
[White "Rohit, S3333"]
[Black "Sarbojit, Paul"]
[Result "1/2-1/2"]
[WhiteElo "2001"]
[BlackElo "2093"]
[PlyCount "84"]
[EventDate "2019.07.01"]
[EventType "swiss"]
[EventRounds "7"]
[EventCountry "IND"]
[SourceTitle "EXT 2024"]
[Source "ChessBase"]
[SourceDate "2023.10.10"]
[SourceVersion "1"]
[SourceVersionDate "2023.10.10"]
[SourceQuality "1"]

1. e4 c5 2. Nf3 Nc6 3. d4 cxd4 4. Nxd4 e6 5. Nc3 Qc7 6. Be2 Nf6 7. Be3 Be7 8. 0-0 0-0 9. f4 d6 10. Qe1 Nxd4 11. Bxd4 e5 12. Be3 exf4 13. Rxf4 Be6 14. Rd1 a6 15. Nd5 Bxd5 16. exd5 Qxc2 17. Bd3 Qc7 18. Bd4 Qd8 19. Qh4 h6 20. Rdf1 Nd7 21. Qh5 Ne5 22. Bxe5 dxe5 23. Rxf7 Qb6+ 24. Kh1 Qd6 25. Qf5 g6 26. Qxg6+ Qxg6 27. Bxg6 Rxf7 28. Bxf7+ Kg7 29. Be6 Bf6 30. Rc1 b6 31. Rc7+ Kg6 32. Bc8 e4 33. b3 Bd4 34. g3 e3 35. Rc6+ Kg7 36. Rc1 Bc5 37. Bh3 Rf8 38. Rc2 Kf6 39. Bf1 a5 40. Bc4 Ke5 41. Kg2 Rf6 42. Re2 Ke4 1/2-1/2

[Event "Goa op 2nd"]
[Site "Taleigao"]
[Date "2019.06.22"]
[Round "7"]
[White "Sarbojit, Paul"]
[Black "Tukhaev, Adam"]
[Result "0-1"]
[WhiteElo "2023"]
[BlackElo "2527"]
[PlyCount "89"]
[EventDate "2019.06.18"]
[EventType "swiss"]
[EventRounds "10"]
[EventCountry "IND"]
[SourceTitle "CBM 191 Extra"]
[Source "ChessBase"]
[SourceDate "2019.09.30"]
[SourceVersion "1"]
[SourceVersionDate "2019.09.30"]
[SourceQuality "1"]

1. e4 e5 2. Nf3 Nc6 3. Bb5 g6 4. c3 a6 5. Ba4 Bg7 6. d4 exd4 7. cxd4 b5 8. Bc2 d6 9. h3 Nf6 10. 0-0 0-0 11. Nc3 Re8 12. d5 Na5 13. a3 Bb7 14. Re1 Nd7 15. Bg5 Qb8 16. Nd4 h6 17. Bf4 Qa7 18. Nce2 Nf6 19. f3 Nc4 20. Kh1 Nxb2 21. Qc1 Nh5 22. Be3 Nc4 23. Bg1 Qb8 24. a4 Qd8 25. Rb1 Qh4 26. axb5 axb5 27. Nxb5 Bc8 28. Rf1 Be5 29. f4 Bxh3 30. gxh3 Qxh3+ 31. Bh2 Ne3 32. Rf2 Bxf4 33. Nxf4 Nxf4 34. Rb3 Ng4 35. Rxh3 Nxf2+ 36. Kg1 N2xh3+ 37. Kf1 Ra5 38. Bxf4 Nxf4 39. Nxc7 Rc8 40. Qxf4 Rxc7 41. Bd3 Ra2 42. Qxh6 Rc3 43. Be2 Rcc2 44. Qf4 Rxe2 45. Qxd6 0-1

[Event "Chennai op 9th"]
[Site "Chennai"]
[Date "2017.01.21"]
[Round "4"]
[White "Arpan, Das Jr"]
[Black "Sarbojit, Paul"]
[Result "1-0"]
[WhiteElo "1752"]
[BlackElo "2042"]
[PlyCount "101"]
[EventDate "2017.01.18"]
[EventType "swiss"]
[EventRounds "10"]
[EventCountry "IND"]
[SourceTitle "CBM 176 Extra"]
[Source "ChessBase"]
[SourceDate "2017.03.02"]
[SourceVersion "1"]
[SourceVersionDate "2017.03.02"]
[SourceQuality "1"]

1. e4 c5 2. Nf3 d6 3. d4 cxd4 4. Nxd4 Nf6 5. Nc3 Nc6 6. h3 e5 7. Nb3 Be6 8. Be3 d5 9. exd5 Nxd5 10. Nxd5 Qxd5 11. Qxd5 Bxd5 12. 0-0-0 0-0-0 13. f3 g6 14. Be2 b6 15. Kb1 Bg7 16. c3 Rhe8 17. Nd2 Kc7 18. Bb5 Rf8 19. Rhe1 Ne7 20. Bc4 Rfe8 21. Bb5 Bc6 22. Bxc6 Kxc6 23. Bf2 Nd5 24. g3 f5 25. Kc2 Rd7 26. Re2 Red8 27. Rde1 b5 28. Nb3 Nb6 29. Na5+ Kc7 30. a3 a6 31. Be3 Nd5 32. Bg5 Re8 33. Nb3 h6 34. Bc1 Rde7 35. Nc5 Kb6 36. Nd3 g5 37. g4 e4 38. fxe4 fxe4 39. Nf2 e3 40. Nd1 Kc6 41. Nxe3 Nf4 42. Rh2 Re4 43. Bd2 Be5 44. Nf5 Rxe1 45. Bxe1 Re6 46. Bg3 Kd5 47. Rh1 Ke4 48. Re1+ Kf3 49. Bxf4 Kxf4 50. Kd3 Re8 51. Rf1# 1-0

[Event "Dhaka op"]
[Site "Dhaka"]
[Date "2016.06.26"]
[Round "3"]
[White "Uten"]
[Black "Sarbojit, Paul"]
[Result "1-0"]
[WhiteElo "2154"]
[BlackElo "1882"]
[PlyCount "65"]
[EventDate "2016.06.24"]
[EventType "swiss"]
[EventRounds "9"]
[EventCountry "BAN"]
[SourceTitle "EXT 2017"]
[Source "ChessBase"]
[SourceDate "2016.10.25"]
[SourceVersion "1"]
[SourceVersionDate "2016.10.25"]
[SourceQuality "1"]

1. e4 c5 2. Nf3 e6 3. d4 cxd4 4. Nxd4 Nc6 5. Nc3 Qc7 6. Be2 Nf6 7. 0-0 Be7 8. Kh1 0-0 9. f4 d6 10. Be3 Nxd4 11. Qxd4 b6 12. Bf3 Bb7 13. Nb5 Qb8 14. e5 dxe5 15. fxe5 Nd5 16. Bg1 Nb4 17. Qf4 Bxf3 18. Rxf3 Qb7 19. c3 Qd7 20. Nd4 Nd5 21. Qe4 Rac8 22. Rd1 Qa4 23. Qb1 Bc5 24. Rh3 h6 25. Nf3 Ne3 26. Bxe3 Bxe3 27. Re1 Bf2 28. Ng5 g6 29. Rxh6 Kg7 30. Rh7+ Kg8 31. Rxf7 Rxf7 32. Qxg6+ Kh8 33. Nxf7# 1-0

[Event "Dhaka op"]
[Site "Dhaka"]
[Date "2016.06.25"]
[Round "2"]
[White "Sarbojit, Paul"]
[Black "Hossain, Showkat Pollab"]
[Result "1-0"]
[WhiteElo "1882"]
[BlackElo "2148"]
[PlyCount "83"]
[EventDate "2016.06.24"]
[EventType "swiss"]
[EventRounds "9"]
[EventCountry "BAN"]
[SourceTitle "EXT 2017"]
[Source "ChessBase"]
[SourceDate "2016.10.25"]
[SourceVersion "1"]
[SourceVersionDate "2016.10.25"]
[SourceQuality "1"]

1. d4 Nf6 2. c4 c5 3. d5 e6 4. Nf3 exd5 5. cxd5 d6 6. Nc3 g6 7. Bf4 a6 8. a4 Bg7 9. e4 0-0 10. Bd3 Nh5 11. Be3 b6 12. Nd2 Nd7 13. 0-0 Nhf6 14. f4 Rb8 15. h3 Re8 16. Qf3 Bb7 17. Bf2 Qc7 18. Rae1 g5 19. Nc4 gxf4 20. Qxf4 Ne5 21. Nxe5 Rxe5 22. Bh4 Ne8 23. Re3 Kh8 24. Qxf7 Qxf7 25. Rxf7 Rh5 26. Bf2 Rh6 27. Ref3 Rf6 28. R3xf6 Bxf6 29. Bg3 Kg8 30. Rd7 Bc8 31. Ra7 Bd4+ 32. Bf2 Bxc3 33. bxc3 Bb7 34. Bg3 b5 35. axb5 axb5 36. Bxb5 Bxd5 37. Bxe8 Bxe4 38. Bf7+ Kh8 39. Bxd6 Rb1+ 40. Kh2 h6 41. Be5+ Kh7 42. Bd5+ 1-0